Business Models in the Circular Economy Concepts, Examples and Theory /

This book focuses on the role of corporations in the transition towards an economy that works more in line with ecological limits. It is centred on business model innovation in the context of the circular economy, which is gaining consensus across business, policy and academic circles by proposing m...

Full description

Bibliographic Details
Main Author: De Angelis, Roberta (Author, http://id.loc.gov/vocabulary/relators/aut)
Corporate Author: SpringerLink (Online service)
Format: Electronic eBook
Language:English
Published: Cham : Springer International Publishing : Imprint: Palgrave Pivot, 2018.
Edition:1st ed. 2018.
Subjects:
Online Access:Full Text via HEAL-Link
LEADER 02867nam a2200457 4500
001 978-3-319-75127-6
003 DE-He213
005 20191025191605.0
007 cr nn 008mamaa
008 180212s2018 gw | s |||| 0|eng d
020 |a 9783319751276  |9 978-3-319-75127-6 
024 7 |a 10.1007/978-3-319-75127-6  |2 doi 
040 |d GrThAP 
050 4 |a HD30.255 
072 7 |a KJJ  |2 bicssc 
072 7 |a BUS072000  |2 bisacsh 
072 7 |a KJJ  |2 thema 
082 0 4 |a 658.408  |2 23 
100 1 |a De Angelis, Roberta.  |e author.  |4 aut  |4 http://id.loc.gov/vocabulary/relators/aut 
245 1 0 |a Business Models in the Circular Economy  |h [electronic resource] :  |b Concepts, Examples and Theory /  |c by Roberta De Angelis. 
250 |a 1st ed. 2018. 
264 1 |a Cham :  |b Springer International Publishing :  |b Imprint: Palgrave Pivot,  |c 2018. 
300 |a XIX, 112 p. 2 illus.  |b online resource. 
336 |a text  |b txt  |2 rdacontent 
337 |a computer  |b c  |2 rdamedia 
338 |a online resource  |b cr  |2 rdacarrier 
347 |a text file  |b PDF  |2 rda 
505 0 |a 1 Introduction -- 2 Sustainable Development, Corporate Environmental Sustainability and the Circular Economy -- 3 Business Models and Circular Business Models -- 4 Circular Business Models: Some Theoretical Insights -- 5 Concluding Remarks. 
520 |a This book focuses on the role of corporations in the transition towards an economy that works more in line with ecological limits. It is centred on business model innovation in the context of the circular economy, which is gaining consensus across business, policy and academic circles by proposing more resource efficient industrial processes. Interest in circular business models is growing within academic and practitioner literature yet the concept is not clearly understood, with potential negative consequences for theory building and practical implementation. Therefore, this book conceptualises circular business models and investigates their theoretical foundations in relation to the rationale for adopting them, drawing on circular economy, business model, strategic management and neo-institutional literature and secondary data. 
650 0 |a Industrial management-Environmental aspects. 
650 0 |a Social responsibility of business. 
650 1 4 |a Sustainability Management.  |0 http://scigraph.springernature.com/things/product-market-codes/515040 
650 2 4 |a Corporate Social Responsibility.  |0 http://scigraph.springernature.com/things/product-market-codes/526010 
710 2 |a SpringerLink (Online service) 
773 0 |t Springer eBooks 
776 0 8 |i Printed edition:  |z 9783319751269 
776 0 8 |i Printed edition:  |z 9783319751283 
776 0 8 |i Printed edition:  |z 9783319892863 
856 4 0 |u https://doi.org/10.1007/978-3-319-75127-6  |z Full Text via HEAL-Link 
912 |a ZDB-2-BUM 
950 |a Business and Management (Springer-41169)